• 首页
  • 本馆介绍
  • 公告通知
  • 最新文献
  • 馆藏检索
  • 电子资源
  • 读者导购
  • 参考咨询
  • 我的图书馆
  • 登录
  • 详细信息显示
  • 放入我的书架
  • 预约/预借图书
  • 作者相关作品
  • 分类相关作品
  • 丛书相关作品
  • 出版社相关作品

书目信息

  • 表格格式
  • 工作单格式
  • 卡片格式
题名:
英汉法律应用词汇
    
 
作者: 罗弼时 编
分册:  
出版信息: 香港   香港政府印务局  1975
页数: 890页
开本: 22cm
丛书名:
单 册:
中图分类: D9-61
科图分类:
主题词: 法律
电子资源:
ISBN:
000 00520nam0 2200193 450
001 0631975505
005 20060420083358.31
010    @dCNY5.60
100    @a20060417d1975 km y0chiy0120 ea
101 0  @achi
102    @aCN@b810000
200 1  @a英汉法律应用词汇@Aying han fa lu ying yong ci hui@f罗弼时编@Fluo bi shi bian
210    @a香港@c香港政府印务局@d1975
215 1  @a890页@d22cm
606 0  @a法律
690    @aD9-61@v4
701  0 @a罗弼时@Aluo bi shi@4编
801  0 @aCN@bPFT@c20060420
905    @a10447@dD9-61@e121
    
    英汉法律应用词汇/罗弼时编.-香港:香港政府印务局,1975
    890页;22cm
    
    
    ISBN :CNY5.60
    
●
相关链接 在E读中查询图书 在五车中查询图书 在当当中查询图书 在豆瓣中查询图书


正题名:英汉法律应用词汇     索取号:D9-61/121         预约/预借

序号 登录号 条形码 馆藏地/架位号 状态 备注
1 0178606   202266403   密集书库/ [索取号:D9-61/121] 在馆    
2 0178607   001170057   密集书库/ [索取号:D9-61/121] 在馆    
3 0178608   001177791   密集书库/ [索取号:D9-61/121] 在馆    
唐山师范学院图书馆 欢迎您!
大连网信软件有限公司© 版权所有